[Event "Sparkassen-Open A"]
[Site "Heusenstamm, Martinsee"]
[Date "2022.11.18"]
[Round "3.81"]
[White "Colditz, Elias"]
[Black "Ahrends, Norbert"]
[Result "0-1"]
[WhiteElo "1680"]
[BlackElo "1919"]
[PlyCount "32"]
[EventDate "2022.??.??"]
[WhiteTeam "SV Multatuli Ingelheim"]
[BlackTeam "SC Flörsheim 1921"]

1. e4 c6 2. d4 d5 3. e5 Bf5 4. Bd3 Bxd3 5. Qxd3 e6 6. Nf3 Qc7 7. O-O c5 8. c3
Nc6 9. b3 cxd4 10. cxd4 Bb4 11. Ba3 Nge7 12. Rc1 Qa5 13. Bxb4 Qxb4 14. Nc3 O-O
15. Nb5 a6 16. a3 Qxb5 0-1

[Event "Sparkassen-Open A"]
[Site "Heusenstamm, Martinsee"]
[Date "2022.11.18"]
[Round "3.82"]
[White "Koholka, Jan"]
[Black "Oster, Klaus"]
[Result "0-1"]
[WhiteElo "1750"]
[BlackElo "1916"]
[PlyCount "78"]
[EventDate "2022.??.??"]
[WhiteTeam "SK Langen"]
[BlackTeam "SF Dettingen 1950"]

1. e4 c6 2. d4 d5 3. f3 dxe4 4. fxe4 e5 5. Nf3 Bg4 6. Bc4 Nd7 7. O-O Ngf6 8.
Kh1 Bd6 9. c3 Qc7 10. Be3 exd4 11. cxd4 Bxh2 12. e5 Nxe5 13. dxe5 Bxe5 14. Bc5
Ne4 15. Qe1 Bxf3 16. gxf3 Ng3+ 17. Kg2 O-O-O 18. Nc3 Nxf1 19. Bxf1 b6 20. Be3
Rd6 21. f4 Rg6+ 22. Kf3 Bxc3 23. Qxc3 Qd7 24. Ba6+ Kb8 25. Qe5+ Ka8 26. Qh5 Rh6
27. Qg5 f6 28. Qg2 Rg6 29. Qh2 Re8 30. Kf2 Qg4 31. Re1 Rh6 32. Qg3 Qd7 33. Qg2
g5 34. Qg3 Rh3 35. Qg2 g4 36. Bf1 Rf3+ 37. Kg1 Rexe3 38. Rxe3 Qd4 39. Be2 Qxe3+
0-1

[Event "Sparkassen-Open A"]
[Site "Heusenstamm, Martinsee"]
[Date "2022.11.18"]
[Round "3.83"]
[White "Burkart, Lloyd Shang"]
[Black "Lorenz, Alexander"]
[Result "1/2-1/2"]
[WhiteElo "1768"]
[BlackElo "1691"]
[PlyCount "77"]
[EventDate "2022.??.??"]
[WhiteTeam "SV 1920 Hofheim"]
[BlackTeam "SV Bergwinkel"]

1. d4 Nf6 2. c4 g6 3. Nf3 Bg7 4. Nc3 d6 5. Bf4 Nh5 6. Bg5 h6 7. Bh4 g5 8. Bg3
Nxg3 9. hxg3 Bf5 10. e3 Bg6 11. Bd3 f5 12. g4 e6 13. gxf5 exf5 14. Qb3 b6 15.
c5 Bf7 16. Qa4+ Qd7 17. Qxd7+ Nxd7 18. cxd6 cxd6 19. Bxf5 a6 20. Rc1 b5 21. Ne4
Ke7 22. b3 Rhf8 23. Rc7 Be6 24. Bxe6 Kxe6 25. Rc6 Rfc8 26. Rxc8 Rxc8 27. Kd2 d5
28. Ng3 Bf8 29. Rc1 Bb4+ 30. Kd1 Rxc1+ 31. Kxc1 Nf6 32. Nd2 Ng4 33. Nh1 h5 34.
Kd1 h4 35. Ke2 Nf6 36. f3 Nh5 37. Nf1 Bd6 38. Nf2 Kf5 39. Ng4 1/2-1/2

[Event "Sparkassen-Open A"]
[Site "Heusenstamm, Martinsee"]
[Date "2022.11.18"]
[Round "3.84"]
[White "Rabiya, Karim"]
[Black "Kürschner, Liam"]
[Result "0-1"]
[WhiteElo "1799"]
[BlackElo "1900"]
[PlyCount "72"]
[EventDate "2022.??.??"]
[WhiteTeam "SK Niederbrechen 1948"]
[BlackTeam "SK Langen"]

1. e4 c5 2. Nf3 g6 3. c3 Bg7 4. d4 cxd4 5. Bc4 a6 6. a4 e6 7. cxd4 Ne7 8. Nc3
O-O 9. O-O d5 10. exd5 exd5 11. Ba2 Nbc6 12. Bg5 Be6 13. Re1 h6 14. Bh4 g5 15.
Bg3 Nf5 16. Be5 Nxe5 17. dxe5 Ne7 18. h4 g4 19. Nd4 h5 20. Qd3 Qd7 21. Bb1 Ng6
22. g3 Rfd8 23. Nxe6 Qxe6 24. Kg2 Bxe5 25. Ba2 Qc6 26. Bxd5 Bxc3 27. Red1 Bxb2
28. Rab1 Qf6 29. Rd2 Bc3 30. Rc2 Rac8 31. Rxb7 Ne5 32. Qe4 Qf3+ 33. Qxf3 gxf3+
34. Bxf3 Nxf3 35. Kxf3 Rc5 36. Re2 Rd2 0-1

[Event "Sparkassen-Open A"]
[Site "Heusenstamm, Martinsee"]
[Date "2022.11.18"]
[Round "3.85"]
[White "Wadiei, Soroush"]
[Black "Hering, Sven"]
[Result "1-0"]
[WhiteElo "1725"]
[BlackElo "1908"]
[PlyCount "71"]
[EventDate "2022.??.??"]
[WhiteTeam "SV Nürtingen 1920"]
[BlackTeam "VfB 07 Lettin"]

1. d4 d5 2. c4 dxc4 3. e3 e5 4. d5 Nf6 5. Bxc4 c6 6. dxc6 Qxd1+ 7. Kxd1 Nxc6 8.
a3 Be7 9. Nc3 O-O 10. Nge2 Bf5 11. Ng3 Rfd8+ 12. Bd2 Bg6 13. Ke2 Rac8 14. Ba2
h5 15. Bb1 Bxb1 16. Rhxb1 g6 17. b4 h4 18. Nf1 e4 19. Rc1 Ne5 20. Nb5 a6 21.
Nd4 Nc4 22. h3 Nd5 23. b5 Nf4+ 24. exf4 Rxd4 25. Be3 Rdd8 26. bxa6 bxa6 27. a4
Bb4 28. Ra2 f5 29. Rac2 Ba3 30. Rxc4 Bxc1 31. Rxc1 Rxc1 32. Bxc1 Kf7 33. Be3
Rd5 34. Bb6 a5 35. Ne3 Rd6 36. Nc4 1-0

[Event "Sparkassen-Open A"]
[Site "Heusenstamm, Martinsee"]
[Date "2022.11.18"]
[Round "3.86"]
[White "Kolker, Vladislav"]
[Black "Groß, Phillip"]
[Result "1/2-1/2"]
[WhiteElo "1898"]
[BlackElo "1669"]
[PlyCount "51"]
[EventDate "2022.??.??"]
[WhiteTeam "SC Bad Nauheim"]
[BlackTeam "Spvgg Böblingen"]

1. e4 c6 2. Nf3 d5 3. exd5 cxd5 4. Ne5 Nc6 5. d4 Nf6 6. c3 a6 7. Bd3 e6 8. f4
Bd6 9. O-O O-O 10. Nd2 Re8 11. g4 g6 12. Qe2 Bd7 13. g5 Nh5 14. Rf3 Nxe5 15.
dxe5 Bc5+ 16. Kh1 Bc6 17. Nb3 Ba7 18. Nd4 Ng7 19. Be3 Bxd4 20. Bxd4 Nf5 21. Rh3
Nxd4 22. cxd4 Qb6 23. Qf2 Kg7 24. Rf1 Bd7 25. Rh6 Bb5 26. Rh3 1/2-1/2

[Event "Sparkassen-Open A"]
[Site "Heusenstamm, Martinsee"]
[Date "2022.11.18"]
[Round "3.87"]
[White "Meyer-Jany, Marcel"]
[Black "Winter, Lars"]
[Result "0-1"]
[WhiteElo "1766"]
[BlackElo "1880"]
[PlyCount "68"]
[EventDate "2022.??.??"]
[WhiteTeam "SK Herborn 1946"]
[BlackTeam "SV Fechenheim"]

1. d4 Nf6 2. c4 c5 3. d5 b5 4. cxb5 a6 5. bxa6 g6 6. Nc3 Bg7 7. e4 O-O 8. e5
Ne8 9. f4 d6 10. Nf3 e6 11. Bc4 exd5 12. Bxd5 Rxa6 13. O-O Nc6 14. Re1 Ne7 15.
Bc4 Rb6 16. Ng5 Nc7 17. exd6 Rxd6 18. Qb3 Ned5 19. Nge4 Rb6 20. Qd1 Bd4+ 21.
Kh1 Bb7 22. Na4 Rc6 23. Qb3 Qa8 24. Bd2 Nf6 25. Nac3 Nxe4 26. Nxe4 Ne6 27. Re2
Rb8 28. Qc2 Ba6 29. Bc1 Rcb6 30. Rb1 Bxc4 31. Qxc4 Rb4 32. Qc2 Qxa2 33. Nc3
Bxc3 34. bxc3 Rxb1 0-1

[Event "Sparkassen-Open A"]
[Site "Heusenstamm, Martinsee"]
[Date "2022.11.18"]
[Round "3.88"]
[White "Kissel, Tom"]
[Black "Büse, Ralf"]
[Result "1/2-1/2"]
[WhiteElo "1660"]
[BlackElo "1870"]
[PlyCount "50"]
[EventDate "2022.??.??"]
[WhiteTeam "SF Sailauf"]
[BlackTeam "SC Ladja Roßdorf"]

1. c4 e6 2. g3 f5 3. Bg2 Nf6 4. Nc3 d5 5. cxd5 exd5 6. d4 c6 7. Nf3 Bd6 8. Bg5
O-O 9. O-O h6 10. Bxf6 Qxf6 11. Qb3 Kh8 12. e3 Nd7 13. a4 a5 14. Ne2 g5 15. Nc1
f4 16. exf4 gxf4 17. Nd3 Qg7 18. Qc3 Nf6 19. Nfe5 Ne4 20. Qc1 Bxe5 21. dxe5 f3
22. Bh1 Bh3 23. Re1 Ng5 24. Qe3 Rae8 25. Nf4 Bg4 1/2-1/2

[Event "Sparkassen-Open A"]
[Site "Heusenstamm, Martinsee"]
[Date "2022.11.18"]
[Round "3.89"]
[White "Peter, Laurenz"]
[Black "Faßler, Felix"]
[Result "0-1"]
[WhiteElo "1851"]
[BlackElo "1430"]
[PlyCount "90"]
[EventDate "2022.??.??"]
[WhiteTeam "SG Kaarst 1912/35"]
[BlackTeam "SC Fulda"]

1. d4 Nf6 2. c4 e6 3. Nf3 d5 4. g3 dxc4 5. Bg2 c5 6. O-O Be7 7. Qa4+ Nbd7 8.
dxc5 O-O 9. c6 Nb6 10. Qa5 Nfd5 11. cxb7 Bxb7 12. a3 Bf6 13. e4 Nc7 14. e5 Be7
15. Nc3 Ncd5 16. Rd1 Qb8 17. Nb5 Rd8 18. Bg5 Bxg5 19. Nxg5 Qxe5 20. h4 a6 21.
Nc3 Qc7 22. Bh3 Nxc3 23. bxc3 Qc6 24. f3 Rd3 25. Rab1 Nd5 26. Bf1 Rxd1 27. Rxd1
h6 28. Ne4 Qb5 29. Qxb5 axb5 30. Ra1 Ne3 31. Nc5 Nxf1 32. Nxb7 Nxg3 33. Nd6
Ne2+ 34. Kf2 Nxc3 35. Ke3 Rb8 36. Kd4 Nd5 37. Kc5 c3 38. Nxb5 Ra8 39. Kc4 Ra4+
40. Kb3 Rxh4 41. a4 Rb4+ 42. Kc2 Rb2+ 43. Kd3 Rd2+ 44. Kc4 c2 45. Nd4 Nb6+ 0-1

[Event "Sparkassen-Open A"]
[Site "Heusenstamm, Martinsee"]
[Date "2022.11.18"]
[Round "3.90"]
[White "Stolle, Hendrik"]
[Black "Armbrust, Matthias"]
[Result "0-1"]
[WhiteElo "1641"]
[BlackElo "1854"]
[PlyCount "60"]
[EventDate "2022.??.??"]
[WhiteTeam "TG Biberach"]
[BlackTeam "TSG 1846 Bretzenheim/ZMO"]

1. Nf3 g6 2. e4 Bg7 3. d4 d6 4. Nc3 Nc6 5. Be3 e5 6. d5 Nce7 7. Bd3 f5 8. Qe2
Nf6 9. exf5 Nxf5 10. Bxf5 Bxf5 11. O-O-O O-O 12. h3 Qe7 13. Qc4 a6 14. g4 b5
15. Qb4 Bd7 16. Ng5 a5 17. Qb3 b4 18. Nce4 Rfb8 19. Nxf6+ Bxf6 20. Ne6 Bb5 21.
Bh6 Be2 22. Rde1 a4 23. Qe3 Bc4 24. Qe4 Bxa2 25. f4 exf4 26. h4 a3 27. b3 Bxb3
28. h5 a2 29. hxg6 a1=Q+ 30. Kd2 Qc3+ 0-1

[Event "Sparkassen-Open A"]
[Site "Heusenstamm, Martinsee"]
[Date "2022.11.18"]
[Round "3.91"]
[White "Kosak, Matjaz"]
[Black "Sarbu, Marc Constantin"]
[Result "0-1"]
[WhiteElo "1749"]
[BlackElo "1557"]
[PlyCount "86"]
[EventDate "2022.??.??"]
[WhiteTeam "SV Frankfurt Nord 1926"]
[BlackTeam "SV Jedesheim 1921"]

1. e4 d5 2. exd5 Qxd5 3. Nc3 Qd8 4. d4 Nf6 5. Bc4 Bg4 6. Nf3 e6 7. O-O c6 8.
Be3 Bd6 9. h3 Bh5 10. g4 Bg6 11. Ne5 Nd5 12. Nxd5 Bxe5 13. dxe5 cxd5 14. Bd3
Nc6 15. f4 Bxd3 16. Qxd3 h5 17. Bf2 hxg4 18. hxg4 Qe7 19. Kg2 O-O-O 20. Qa3 g5
21. f5 Nxe5 22. Qc3+ Nc6 23. Bd4 e5 24. Bxa7 Rh4 25. b4 Rxg4+ 26. Kf3 Rf4+ 27.
Kg3 Rc4 28. Qd2 Nxa7 29. f6 Qc7 30. Qxg5 e4+ 31. Qf4 Rg8+ 32. Kh3 Rc3+ 33. Kh4
Rxc2 34. Qxc7+ Kxc7 35. Kh3 d4 36. Rf4 Re2 37. Rc1+ Kd6 38. Rc5 Re1 39. Kh2 d3
40. Rff5 Re2+ 41. Kh3 d2 42. Rcd5+ Kc7 43. Rf1 Re1 0-1

[Event "Sparkassen-Open A"]
[Site "Heusenstamm, Martinsee"]
[Date "2022.11.18"]
[Round "3.92"]
[White "Hasselbacher, Uwe"]
[Black "Reuter, Klaus"]
[Result "1-0"]
[WhiteElo "1815"]
[BlackElo "1599"]
[PlyCount "57"]
[EventDate "2022.??.??"]
[WhiteTeam "SC Fulda"]
[BlackTeam "vereinslos"]

1. d4 Nf6 2. Nf3 e6 3. Bf4 Bb4+ 4. c3 Be7 5. Nbd2 c6 6. e4 d5 7. Bd3 dxe4 8.
Nxe4 Nxe4 9. Bxe4 Nd7 10. Qe2 f5 11. Bd3 Nf6 12. Ne5 O-O 13. O-O Nd5 14. Bd2
Bg5 15. f4 Bh6 16. Rf3 a5 17. Raf1 a4 18. a3 Bd7 19. Rh3 Be8 20. g4 fxg4 21.
Nxg4 Bxf4 22. Bxh7+ Kh8 23. Bg6+ Kg8 24. Qxe6+ Bf7 25. Bxf7+ Rxf7 26. Bxf4 Nxf4
27. Rxf4 Qe7 28. Nf6+ gxf6 29. Rg4+ 1-0

[Event "Sparkassen-Open A"]
[Site "Heusenstamm, Martinsee"]
[Date "2022.11.18"]
[Round "3.93"]
[White "Olson, Philip Christoph"]
[Black "Trenz, Finn"]
[Result "0-1"]
[WhiteElo "1429"]
[BlackElo "1678"]
[PlyCount "96"]
[EventDate "2022.??.??"]
[WhiteTeam "SC Bad Nauheim"]
[BlackTeam "SV Multatuli Ingelheim"]

1. d4 d5 2. Bf4 c5 3. e3 Nc6 4. c3 Nf6 5. Nd2 Bf5 6. Qb3 Qb6 7. dxc5 Qxb3 8.
Nxb3 e5 9. Bg3 a5 10. Nf3 a4 11. Nbd2 Nd7 12. Bb5 f6 13. b4 axb3 14. Nxb3 Nxc5
15. O-O Be7 16. Nxc5 Bxc5 17. Rfd1 Be6 18. a4 Ke7 19. Rab1 Na5 20. Ne1 h5 21.
h4 Rhd8 22. Nc2 Rac8 23. f3 Bf5 24. Bd3 Bd7 25. Bb5 Bxb5 26. Rxb5 b6 27. Be1
Nc4 28. Kf2 Ra8 29. Ra1 Ra7 30. a5 Rxa5 31. Raxa5 Nxa5 32. Nb4 Kd6 33. Nd3 Kc6
34. Rb1 Rc8 35. Ke2 Nc4 36. Nxc5 bxc5 37. e4 d4 38. Kd3 Ne3 39. g3 c4+ 40. Ke2
Nc2 41. Rc1 d3+ 42. Kd2 Ra8 43. Rxc2 dxc2 44. Kxc2 g5 45. hxg5 fxg5 46. Kd2 Rh8
47. Ke3 h4 48. gxh4 gxh4 0-1

[Event "Sparkassen-Open A"]
[Site "Heusenstamm, Martinsee"]
[Date "2022.11.18"]
[Round "3.94"]
[White "Nahler, Michael"]
[Black "Hebauf, Markus"]
[Result "1-0"]
[WhiteElo "1825"]
[BlackElo "1547"]
[PlyCount "85"]
[EventDate "2022.??.??"]
[WhiteTeam "SV Oberursel"]
[BlackTeam "Sfr.1932 Kelkheim"]

1. e4 c5 2. Nf3 e6 3. d4 cxd4 4. Nxd4 Nc6 5. c4 Bb4+ 6. Nc3 Nf6 7. Nxc6 bxc6 8.
Bd3 O-O 9. e5 Ne8 10. O-O f5 11. Be3 Qa5 12. Qb3 f4 13. Bd2 Rb8 14. a3 Bd6 15.
Qc2 Qxe5 16. Bxh7+ Kh8 17. Bg6 Nf6 18. b4 Qg5 19. Qd3 Bc7 20. Rad1 Kg8 21. Be4
d5 22. Bf3 e5 23. cxd5 cxd5 24. Bxd5+ Nxd5 25. Qxd5+ Rf7 26. Ne4 Qg6 27. f3
Bb6+ 28. Kh1 Bb7 29. Qxe5 Bc7 30. Qg5 Qh7 31. Rfe1 Rf5 32. Qe7 Rh5 33. Qe6+ Kh8
34. h3 Bc8 35. Qe8+ Qg8 36. Nc5 Bxh3 37. Qxg8+ Rxg8 38. gxh3 Rxh3+ 39. Kg2 Rh6
40. Rh1 Kh7 41. Bc3 g5 42. Rd7+ Rg7 43. Rxg7+ 1-0

[Event "Sparkassen-Open A"]
[Site "Heusenstamm, Martinsee"]
[Date "2022.11.19"]
[Round "5.1"]
[White "Safarli, Eltaj"]
[Black "Besou, Hussain"]
[Result "1-0"]
[WhiteElo "2616"]
[BlackElo "2106"]
[PlyCount "105"]
[EventDate "2022.??.??"]
[WhiteTeam "vereinslos"]
[BlackTeam "LSV Turm Lippstadt"]

1. e4 e5 2. Nf3 Nc6 3. Bb5 a6 4. Ba4 Nf6 5. Nc3 b5 6. Bb3 Bc5 7. d3 h6 8. a4
Rb8 9. axb5 axb5 10. Nd5 d6 11. O-O O-O 12. Be3 Bxe3 13. Nxf6+ Qxf6 14. fxe3
Qe7 15. Qe1 Be6 16. Bd5 Qd7 17. Bxe6 Qxe6 18. Ra6 Qd7 19. Qc3 Ne7 20. d4 b4 21.
Qc4 exd4 22. exd4 Ng6 23. h3 Qe7 24. e5 Kh7 25. Rc6 dxe5 26. Rxc7 Qd6 27. Rc6
Qe7 28. dxe5 Nxe5 29. Qe4+ Ng6 30. Qxe7 Nxe7 31. Rc7 Nd5 32. Rc5 Rbd8 33. Re1
Nf6 34. Rb5 Rb8 35. Ree5 Nd7 36. Rxb8 Rxb8 37. Re7 Nf6 38. Rxf7 Nd5 39. Nd4 b3
40. cxb3 Rb4 41. Ne6 Kg6 42. Rd7 Ne3 43. Rxg7+ Kf6 44. Rg3 Nf5 45. Nc7 Rd4 46.
Rf3 Ke5 47. Nb5 Rd1+ 48. Rf1 Rd2 49. Na3 Re2 50. Nc4+ Ke4 51. Rf2 Re1+ 52. Kh2
Nd4 53. Rf8 1-0

[Event "Sparkassen-Open A"]
[Site "Heusenstamm, Martinsee"]
[Date "2022.11.19"]
[Round "5.2"]
[White "Korneev, Oleg"]
[Black "Nemitz, Alfred"]
[Result "1-0"]
[WhiteElo "2470"]
[BlackElo "1802"]
[PlyCount "75"]
[EventDate "2022.??.??"]
[WhiteTeam "vereinslos"]
[BlackTeam "USV Potsdam"]

1. d4 Nf6 2. Nf3 e6 3. Bf4 b6 4. e3 Bb7 5. h3 Be7 6. Nbd2 O-O 7. Bd3 c5 8. c3
Nc6 9. O-O a6 10. e4 d6 11. Be3 b5 12. Qe2 b4 13. a3 a5 14. Rfd1 Qc7 15. Bf4
Nd7 16. a4 Nd8 17. Bb5 Bc6 18. c4 Bxb5 19. cxb5 cxd4 20. Nxd4 Bf6 21. Rac1 Qb8
22. Nc6 Nxc6 23. bxc6 Be5 24. Be3 Nc5 25. Bxc5 dxc5 26. Nb3 Bd4 27. Nxc5 Bxc5
28. Rxc5 Qb6 29. Qc4 Rac8 30. c7 h6 31. b3 Rfe8 32. e5 Kh7 33. Rd6 Qb7 34. Qd3+
g6 35. Rd8 Re7 36. Rxc8 Qxc8 37. Qd8 Re8 38. Qxe8 1-0

[Event "Sparkassen-Open A"]
[Site "Heusenstamm, Martinsee"]
[Date "2022.11.19"]
[Round "5.3"]
[White "Ochs, Daniel Elias"]
[Black "Dgebuadze, Alexandre"]
[Result "1/2-1/2"]
[WhiteElo "2107"]
[BlackElo "2420"]
[PlyCount "40"]
[EventDate "2022.??.??"]
[WhiteTeam "Wiesbadener SV 1885"]
[BlackTeam "SC Remagen-Sinzig"]

1. d4 e6 2. c4 Bb4+ 3. Bd2 a5 4. Nf3 Ne7 5. g3 Nbc6 6. Bg2 O-O 7. O-O Bxd2 8.
Qxd2 d6 9. d5 exd5 10. cxd5 Nb4 11. Nc3 Bd7 12. Rac1 Re8 13. Nd4 Nf5 14. e4
Nxd4 15. Qxd4 Qf6 16. Qd2 Na6 17. f4 Nc5 18. Rce1 Qh6 19. Qd4 Re7 20. Re3 Rae8
1/2-1/2

[Event "Sparkassen-Open A"]
[Site "Heusenstamm, Martinsee"]
[Date "2022.11.19"]
[Round "5.4"]
[White "Podat, Vladimir"]
[Black "Eilers, Stefan"]
[Result "1/2-1/2"]
[WhiteElo "2255"]
[BlackElo "2292"]
[PlyCount "104"]
[EventDate "2022.??.??"]
[WhiteTeam "SC Untergrombach 46"]
[BlackTeam "SG Dietzenbach"]

1. d4 d5 2. c4 e6 3. Nc3 c5 4. cxd5 cxd4 5. Qa4+ Bd7 6. Qxd4 exd5 7. Qxd5 Nf6
8. Qd1 Bc5 9. Nf3 O-O 10. e3 Qe7 11. Be2 Rd8 12. O-O Nc6 13. Nd4 Ne5 14. Bd2 a6
15. h3 Rac8 16. Rc1 b5 17. a3 Bd6 18. Na2 Nc6 19. Bf3 Ne4 20. Bxe4 Qxe4 21. Bb4
Bb8 22. Qh5 Nxd4 23. exd4 Be6 24. Nc3 Qf4 25. g3 Qxd4 26. Rcd1 Qc4 27. Rxd8+
Rxd8 28. Rd1 Rxd1+ 29. Qxd1 Qc8 30. h4 Ba7 31. Nd5 Kh8 32. Nf4 Bf5 33. Qd5 f6
34. Bc3 Bb8 35. Qd4 Qd7 36. Qxd7 Bxd7 37. Bd4 Kg8 38. Kf1 Bg4 39. Kg2 Kf7 40.
f3 Bd7 41. h5 Bc6 42. Kf2 h6 43. Ke3 Bd6 44. g4 Ke7 45. Nd3 Kf7 46. Nf4 b4 47.
axb4 Bxb4 48. Nd3 Bd6 49. Nf4 Bc7 50. Ne2 Ke6 51. Nf4+ Kd6 52. Nd3 Ke7 1/2-1/2

[Event "Sparkassen-Open A"]
[Site "Heusenstamm, Martinsee"]
[Date "2022.11.19"]
[Round "5.5"]
[White "Neukirchner, Pascal"]
[Black "Gahan, M G."]
[Result "0-1"]
[WhiteElo "2288"]
[BlackElo "2228"]
[PlyCount "72"]
[EventDate "2022.??.??"]
[WhiteTeam "SK Gründau"]
[BlackTeam "vereinslos"]

1. Nf3 Nf6 2. g3 g6 3. b3 Bg7 4. Bb2 O-O 5. Bg2 d5 6. c4 c6 7. O-O Re8 8. d4 c5
9. e3 dxc4 10. bxc4 cxd4 11. exd4 Nc6 12. Nbd2 Bf5 13. Qb3 Ne4 14. Rfd1 Na5 15.
Qa4 Qc7 16. Bf1 Red8 17. Nb3 Nc6 18. Bg2 Bd7 19. Qa3 Bf8 20. Nbd2 Bf5 21. Qe3
Nxd2 22. Nxd2 Bg7 23. Nb3 a5 24. Rac1 Nb4 25. a3 Nc2 26. Qf3 Qxc4 27. Na1 Qa2
28. Qb3 Qxb3 29. Nxb3 a4 30. Nc5 Nxd4 31. Bxd4 Rxd4 32. Bxb7 Ra5 33. Na6 Rxd1+
34. Rxd1 Bb2 35. Nb4 Bxa3 36. Nc6 Rb5 0-1

[Event "Sparkassen-Open A"]
[Site "Heusenstamm, Martinsee"]
[Date "2022.11.19"]
[Round "5.6"]
[White "Laux, Dominik"]
[Black "Schmidt, Markus"]
[Result "1-0"]
[WhiteElo "2280"]
[BlackElo "2099"]
[PlyCount "55"]
[EventDate "2022.??.??"]
[WhiteTeam "SV 1920 Hofheim"]
[BlackTeam "SK Niederbrechen 1948"]

1. e4 g6 2. d4 Bg7 3. Nc3 d6 4. f4 Nf6 5. Nf3 c5 6. dxc5 Qa5 7. Qd3 Qxc5 8. Be3
Qa5 9. Qb5+ Qxb5 10. Bxb5+ Bd7 11. Bxd7+ Nbxd7 12. O-O-O a6 13. Rhe1 Rc8 14. e5
dxe5 15. fxe5 Ng4 16. Bd4 e6 17. h3 Nh6 18. g4 Ke7 19. Ne4 Rhd8 20. Bc3 b6 21.
Bb4+ Nc5 22. Rxd8 Kxd8 23. Bxc5 bxc5 24. Rd1+ Ke7 25. Rd6 Ng8 26. Rxa6 f6 27.
Ra7+ Kf8 28. Nd6 1-0

[Event "Sparkassen-Open A"]
[Site "Heusenstamm, Martinsee"]
[Date "2022.11.19"]
[Round "5.7"]
[White "Wolf, Ulrich Martin"]
[Black "Kramer, Julian"]
[Result "0-1"]
[WhiteElo "2182"]
[BlackElo "2461"]
[PlyCount "134"]
[EventDate "2022.??.??"]
[WhiteTeam "SK Bad Homburg 1927"]
[BlackTeam "Hamburger SK von 1830"]

1. d4 Nf6 2. Nf3 g6 3. Bg5 Bg7 4. Nbd2 O-O 5. c3 d6 6. e4 c5 7. dxc5 dxc5 8.
Qc2 Nc6 9. Be2 Qc7 10. O-O h6 11. Bh4 Nh5 12. Rfd1 g5 13. Bg3 Nxg3 14. hxg3 Rb8
15. a4 b6 16. Nc4 a6 17. Ne3 e6 18. Nc4 b5 19. axb5 axb5 20. Nd6 c4 21. b3 Rd8
22. Nxc8 Rdxc8 23. Rab1 b4 24. Bxc4 bxc3 25. e5 g4 26. Nd4 Nxe5 27. Nxe6 fxe6
28. Bxe6+ Kh8 29. Bxc8 Rxc8 30. Rd5 Nc6 31. Rc5 Qd8 32. Rxc3 Bxc3 33. Qxc3+ Nd4
34. Qe3 Qf6 35. Rd1 Rd8 36. Rd3 Kg7 37. Qe4 h5 38. b4 Qd6 39. Ra3 Rd7 40. Ra5
Re7 41. Qd5 Ne2+ 42. Kf1 Qf6 43. Qg5+ Qxg5 44. Rxg5+ Kh6 45. Rc5 Nd4 46. Rc3
Ra7 47. f3 Ra4 48. Rc4 Nf5 49. Rc6+ Kg7 50. fxg4 hxg4 51. b5 Nxg3+ 52. Kf2 Nf5
53. Rc7+ Kf6 54. b6 Ra2+ 55. Kg1 g3 56. Rc1 Rb2 57. Rc6+ Kg5 58. Rc1 Rxb6 59.
Re1 Rb2 60. Kh1 Ne3 61. Ra1 Nxg2 62. Rg1 Nh4 63. Rxg3+ Kf4 64. Rg8 Nf3 65. Rf8+
Ke3 66. Re8+ Kf2 67. Re2+ Kxe2 0-1

[Event "Sparkassen-Open A"]
[Site "Heusenstamm, Martinsee"]
[Date "2022.11.19"]
[Round "5.8"]
[White "Hagner, Bennet"]
[Black "Iliev, Mustafa Batuhan"]
[Result "1-0"]
[WhiteElo "2336"]
[BlackElo "2089"]
[PlyCount "49"]
[EventDate "2022.??.??"]
[WhiteTeam "Frankfurter TV 1860"]
[BlackTeam "SV KS 1929 Großauheim"]

1. e4 c5 2. Nf3 e6 3. d4 cxd4 4. Nxd4 Nf6 5. Nc3 d6 6. g4 h6 7. Rg1 Nc6 8. Be3
a6 9. Nxc6 bxc6 10. Qf3 Nd7 11. O-O-O Rb8 12. Qg3 Qa5 13. Bc4 Be7 14. Bb3 Nc5
15. Rxd6 Qb4 16. Rxc6 Nxb3+ 17. axb3 O-O 18. g5 Bd7 19. gxh6 g6 20. Qe5 f6 21.
Rxg6+ Kh8 22. Qg3 Bxc6 23. Rg7 Bxe4 24. Rh7+ Kxh7 25. Qg7# 1-0

[Event "Sparkassen-Open A"]
[Site "Heusenstamm, Martinsee"]
[Date "2022.11.19"]
[Round "5.9"]
[White "Hahn, Markus"]
[Black "Perske, Paul"]
[Result "1-0"]
[WhiteElo "2303"]
[BlackElo "2043"]
[PlyCount "95"]
[EventDate "2022.??.??"]
[WhiteTeam "SVG CAISSA Kassel"]
[BlackTeam "Sfr.Heidesheim"]

1. d4 d5 2. c4 e6 3. Nf3 Nf6 4. g3 Be7 5. Bg2 O-O 6. O-O dxc4 7. Qa4 a6 8. Qxc4
b5 9. Qc2 Bb7 10. Bg5 Be4 11. Qc1 Nbd7 12. Nbd2 Bb7 13. Nb3 Bd5 14. Rd1 Rc8 15.
Bxf6 Bxf6 16. Nfd2 Bxg2 17. Kxg2 Qe7 18. Ne4 Rfd8 19. f4 g6 20. e3 Bg7 21. Nbc5
Nxc5 22. Qxc5 Qxc5 23. Nxc5 Ra8 24. Rdc1 Bf8 25. Nd3 Bd6 26. Rc6 Ra7 27. Kf3
Kf8 28. g4 Ke7 29. h4 Kd7 30. Rac1 h5 31. g5 Rb8 32. Ke4 Ke7 33. Ne5 Rd8 34.
Nd3 Rb8 35. R1c2 Rd8 36. R6c3 Rb7 37. Rc1 Ra7 38. R3c2 Rb7 39. Ra1 Rc8 40. Rc6
Ra7 41. Rf1 Rd8 42. Rf2 Raa8 43. Rg2 Ra7 44. Rgc2 Rd7 45. Nc5 Bxc5 46. R2xc5 f6
47. d5 Rxd5 48. gxf6+ 1-0

[Event "Sparkassen-Open A"]
[Site "Heusenstamm, Martinsee"]
[Date "2022.11.19"]
[Round "5.10"]
[White "Papadopoulos, Ioannis"]
[Black "Gallasch, Jonas"]
[Result "1/2-1/2"]
[WhiteElo "2114"]
[BlackElo "2275"]
[PlyCount "96"]
[EventDate "2022.??.??"]
[WhiteTeam "SV Oberursel"]
[BlackTeam "SG Porz"]

1. e4 c6 2. d4 d5 3. Nd2 dxe4 4. Nxe4 Bf5 5. Ng3 Bg6 6. h4 h6 7. Nf3 Nd7 8. h5
Bh7 9. Bd3 Bxd3 10. Qxd3 e6 11. Bd2 Ngf6 12. O-O-O Be7 13. Kb1 Qb6 14. Nh4 c5
15. Nhf5 Bf8 16. dxc5 Nxc5 17. Qc4 exf5 18. Rhe1+ Ne6 19. Nxf5 Qc6 20. Qd4 Rd8
21. Qxd8+ Kxd8 22. Ba5+ Kc8 23. Rxe6 Qd7 24. Rxd7 Kxd7 25. Re3 Nxh5 26. Rd3+
Ke6 27. Nd4+ Kf6 28. Ne2 Ke7 29. Bb4+ Ke8 30. Bxf8 Rxf8 31. Rb3 b6 32. Ra3 a5
33. Rb3 Kd7 34. Rxb6 Re8 35. Nc1 Re1 36. g3 Rf1 37. Rb5 g6 38. Rxa5 Rxf2 39. g4
Ng3 40. Rd5+ Kc6 41. Rd3 Rg2 42. b3 f5 43. gxf5 Nxf5 44. Rf3 h5 45. Nd3 Nd6 46.
Rh3 Nf5 47. Ne5+ Kd6 48. Nxg6 Rxg6 1/2-1/2

[Event "Sparkassen-Open A"]
[Site "Heusenstamm, Martinsee"]
[Date "2022.11.19"]
[Round "5.11"]
[White "Ohler, Julius"]
[Black "Jakel, Wolfgang"]
[Result "1-0"]
[WhiteElo "2120"]
[BlackElo "2267"]
[PlyCount "85"]
[EventDate "2022.??.??"]
[WhiteTeam "SC ML Kastellaun"]
[BlackTeam "VSG 1880 Offenbach"]

1. d4 f5 2. Nc3 Nf6 3. Bg5 d5 4. Bxf6 exf6 5. e3 Be6 6. Qf3 Qd7 7. Nge2 Nc6 8.
Nf4 Bb4 9. Bd3 Ne7 10. Qg3 Kf7 11. O-O Bxc3 12. bxc3 c6 13. a4 b6 14. Rfb1 Rhd8
15. h4 Nc8 16. f3 Nd6 17. Re1 Re8 18. a5 b5 19. Bf1 a6 20. Nd3 Nb7 21. e4 fxe4
22. fxe4 dxe4 23. Rxe4 Bf5 24. Rxe8 Rxe8 25. Nb4 Be4 26. Bd3 Bxd3 27. cxd3 c5
28. Nxa6 cxd4 29. Qc7 Re7 30. Qxd7 Rxd7 31. cxd4 Rxd4 32. Nc7 Nxa5 33. Rxa5
Rxd3 34. Rxb5 Rd4 35. g3 Rd2 36. Rd5 Re2 37. Kf1 Re7 38. Nb5 g6 39. Kf2 h5 40.
Rc5 Ke6 41. Nd4+ Kf7 42. Kf3 Kg7 43. Rc7 1-0